| 000 | 00581nam a22001937a 4500 | ||
|---|---|---|---|
| 003 | OSt | ||
| 005 | 20240614150224.0 | ||
| 008 | 240614b |||||||| |||| 00| 0 eng d | ||
| 020 | _a9780521700849 | ||
| 040 |
_aDDC _cMUST |
||
| 082 |
_222 _a510 PIC 2002 |
||
| 100 |
_aPickover,Clifford A. _917237 |
||
| 245 |
_aThe mathematics of OZ/ _bMental Gymnastics from Beyond the Edge _cClifford A. Pickover |
||
| 260 |
_aNewYork _bCambridge University Press _cc2002 |
||
| 300 |
_axvi,351p.; _bill: (col) _c22.8cm |
||
| 504 | _aIncludes indexes | ||
| 650 | _aMathematics | ||
| 942 |
_2ddc _cO_SHELF |
||
| 999 |
_c8487 _d8487 |
||